00409nam a22001337a 450000500170000000800410001704100130005808200130007110000130008424500350009726000870013230000300021965000260024920240521131440.0240521b |||||||| |||| 00| 0 eng d aEnglish  a349 LAW  lEnglish  aThe Law Reports: Appeal Cases  aLondon: bThe Incorporated Council of Law Reporting for England and Wales, c1968  bxvi, 1150 pages; c25 cm. aLegal practice bLaw